000 00594nam a2200229Ia 4500
003 OSt
005 20220924121801.0
006 a|||||r|||| 00| 0
007 ta
008 220923b |||||||| |||| 00| 0 urd d
024 _a315120
037 _cTextual
040 _aARTS
_cARTS
_burd
041 _2urd
_aurd
082 _aO168,1NANx, L4
100 _aSayed Anwar Ali
_9187298
245 0 _aBottom
260 _aKarachi
_bSayed Pakistan
_c1974
650 _aURDU POETRY
942 _hO168,1NANx, L4
_cTEXL
_2CC
999 _c409022
_d409022